000 00740nab a2200229 u 4500
001 08632
003 HDC
007 cr bn ---aaaaa
008 210130c2012 my dr|nes 0 a may d
040 _aHDC
245 0 _aMBSB Sasar RM30j
260 _aKuala Lumpur :
_bThe New Straits Times Press (M) Bhd.,
_c2012
336 _atext
_2rdacontent
337 _acomputer
_2rdamedia
338 _aonline resource
_2rdacarrier
650 _aMalaysia building society
_99110
650 _asales target
_99111
856 _zRequest full-text at [email protected]
942 _2lcc
942 _cNEWS
942 _kNWSC 002386
999 _c5955
_d5955